LEADER 01546nam 2200421 450 001 000015994 005 20050718115600.0 010 $a0-8247-7326-8 100 $a20030829d1985----km-y0itay0103----ba 101 0 $aeng 102 $aUS 200 1 $aModules over valuation domains$fLaszlo Fuchs, Luigi Salce 210 $aNew York ; Basel$cMarcel Dekker$dc1985 215 $aXI, 317 p.$d26 cm. 225 2 $aLecture notes in pure and applied mathematics$v97 410 0$12001$aLecture notes in pure and applied mathematics 606 $aAnelli (matematica) 606 $aModuli$xAlgebra 676 $a512.4$v(21. ed.)$9Algebra, teoria dei numeri. Anelli 691 $a13Cxx$9Commutative rings and algebras. Theory of modules and ideals 691 $a13F30$9Commutative rings and algebras. Valuation rings 700 1$aFuchs,$bLászló$0756964 701 1$aSalce,$bLuigi$042297 801 0$aIT$bUniversitŕ della Basilicata - B.I.A.$gRICA$2unimarc 912 $a000015994 996 $aModules over valuation domains$91527142 997 $aUNIBAS BAS $aMONSCI BAS $aSCIENZE CAT $aEXT002$b01$c20030829$lBAS01$h1150 CAT $aTORRE$b20$c20041027$lBAS01$h1327 CAT $c20050601$lBAS01$h1755 CAT $abatch$b01$c20050718$lBAS01$h1052 CAT $c20050718$lBAS01$h1112 CAT $c20050718$lBAS01$h1142 CAT $c20050718$lBAS01$h1156 FMT Z30 -1$lBAS01$LBAS01$mBOOK$1BASA2$APolo Tecnico-Scientifico$2GEN$BCollezione generale$3MAT$663381$5S63381$820030829$f51$FRiservati LEADER 00939nas 2200313 a 450 001 996198456603316 005 20231101154211.0 011 $a1468-2885 035 $a(OCoLC)49374452 035 $a(CKB)954925593466 035 $a(CONSER) 2002253336 035 $a(MiAaPQ)31256 035 $a(DE-599)ZDB2026866-X 035 $a(EXLCZ)99954925593466 100 $a20010808a19919999 sy 101 0 $aeng 200 10$aCommunication theory 210 $aOxford, U.K. $cOxford University Press on behalf of the International Communication Association 300 $aRefereed/Peer-reviewed 311 $a1050-3293 606 $aCommunication$vPeriodicals 606 $aInformation theory$vPeriodicals 615 0$aCommunication 615 0$aInformation theory 712 02$aInternational Communication Association. 906 $aJOURNAL 912 $a996198456603316 996 $aCommunication theory$956657 997 $aUNISA LEADER 00931nam a2200217 i 4500 001 991004369533507536 005 20250227145104.0 008 250227q19011909it er d 000 0 mul d 040 $aBibl. Dip.le Aggr. Scienze Giuridiche - Sez. Studi Giuridici$bita$cSocioculturale Scs 041 0 $aita$afre 082 04$a443.51$223 100 1 $aGhiotti, Candido$0894 245 10$aVocabolario scolastico italiano-francese e francese-italiano :$bcompendio del nuovo vocabolario comparativo delle lingue italiana e francese dello stesso autore /$cCandido Ghiotti 250 $a16. ed.(riveduta e migliorata) 260 $aTorino :$bLibreria G.B. Petrini di G. Gallizio,$c[190.?] 300 $a1341 p. ;$c18 cm 500 $aData della prefazione alla 1. edizione: 1890 650 4$aLingua Francese$vDizionari 912 $a991004369533507536 996 $aVocabolario scolastico italiano francese e francese italiano$9168780 997 $aUNISALENTO